000 00747nam a22002297a 4500
001 8904
003 FISKH
005 20251030150027.0
008 251030b cb ||||| |||| 00| 0 eng d
020 _a9781601691101
040 _aFISKH
_beng
_cFISKH
_dFISKH
082 _a741.5
100 _aAlexander, Heather
245 _aPrincess school :
_bYou need class to be a princess /
260 _aNorwalk :
_bInnovativekids,
_c2011.
300 _a24 unnumbered pages :
_bcolor illustrations ;
_c23 cm
490 _aPhonics Comics :
_vVolumn 23 ; Issue 1
520 _aIntroduces fifteen sight words through three comic stories about the girls who attend a school for princesses.
650 _aPhonics
942 _2ddc
_cBK
_n0
999 _c8904
_d8904